World Capitals Mentioned in the Wikipedia Page of Paris - Statistics

General Stats
  • This quiz has been taken 22 times
  • The average score is 22 of 37
Answer Stats
Frequency Context Starting Letter Capital % Correct
3 Paris is the fourth largest municipality in the European Union, following ... B Berlin
100%
2 It is the second-busiest metro system in Europe after the ... Metro M Moscow
100%
11 The only sister city of Paris is ... R Rome
100%
8 Paris by road is 450 km (280 mi) southeast of ... L London
95%
2 Paris is the fourth largest municipality in the European Union, following ... M Madrid
95%
1 Paris by road is 305 km (190 mi) southwest of ... B Brussels
90%
1 Paris has agreements of friendship and co-operation with ... T Tokyo
90%
1 Paris has agreements of friendship and co-operation with ... A Athens
85%
1 Paris has agreements of friendship and co-operation with ... B Beijing
85%
1 Paris has agreements of friendship and co-operation with ... A Amsterdam
80%
1 Paris has agreements of friendship and co-operation with ... A Algiers
75%
1 Paris has agreements of friendship and co-operation with ... M Mexico City
75%
1 Paris has agreements of friendship and co-operation with ... W Washington, D.C.
75%
1 Paris has agreements of friendship and co-operation with ... C Copenhagen
70%
1 Paris has agreements of friendship and co-operation with ... R Rabat
70%
1 Paris has agreements of friendship and co-operation with ... S Seoul
70%
1 Paris has agreements of friendship and co-operation with ... T Tunis
70%
1 Paris has agreements of friendship and co-operation with ... P Prague
65%
1 Paris has agreements of friendship and co-operation with ... B Buenos Aires
60%
1 Paris has agreements of friendship and co-operation with ... C Cairo
60%
1 Paris has agreements of friendship and co-operation with ... L Lisbon
60%
1 Paris has agreements of friendship and co-operation with ... W Warsaw
55%
1 Paris has agreements of friendship and co-operation with ... R Riyadh
50%
1 Paris was the second-busiest airline destination in the world, with 19.10 million visitors, behind ... B Bangkok
45%
1 Paris has agreements of friendship and co-operation with ... D Dakar
45%
1 Paris has agreements of friendship and co-operation with ... J Jakarta
45%
1 Paris has agreements of friendship and co-operation with ... K Kinshasa
45%
1 Paris has agreements of friendship and co-operation with ... B Beirut
40%
1 Paris has agreements of friendship and co-operation with ... S Santiago
40%
1 Paris has agreements of friendship and co-operation with ... S Sofia
40%
1 Paris has agreements of friendship and co-operation with ... A Amman
25%
1 Paris has agreements of friendship and co-operation with ... B Brazzaville
25%
1 Paris has agreements of friendship and co-operation with ... P Phnom Penh
25%
1 Paris has agreements of friendship and co-operation with ... S Sana'a
20%
1 Paris has agreements of friendship and co-operation with ... T Tbilisi
20%
1 Paris has agreements of friendship and co-operation with ... Y Yerevan
20%
1 Paris has agreements of friendship and co-operation with ... M Montevideo
15%
No matching quizzes found
Score Distribution
Percent of People with Each Score
Percentile by Number Answered
Your Score History
You have not taken this quiz